000 00856 a2200241 4500
003 Nust
005 20170207154050.0
010 _a 2005046691
020 _a0849337526 (alk. paper)
035 _a(OCoLC)ocm62616118
040 _cNust
082 0 0 _a621.3822
100 1 _aMurthy, Praveen K.,
245 1 0 _aMemory management for synthesis of DSP software -(E-BOOK)
_cPraveen K. Murthy, Shuvra S. Bhattacharyya.
260 _aBoca Raton, FL :
_bCRC/Taylor & Francis,
_c2006.
300 _axvi, 299 p. :
_bill. ;
_c25 cm.
650 0 _aComputer software
_xDevelopment.
650 0 _aIntegrated circuits
_xVery large scale integration.
650 0 _aSignal processing
_xDigital techniques.
651 _aE-BOOK
700 1 _aBhattacharyya, Shuvra S.,
_d1968-
856 4 2 _3Publisher description
_uhttp://www.loc.gov/catdir/enhancements/fy0648/2005046691-d.html
942 _2ddc
_cBK
999 _c193074
_d193074